000 00812cam a22002651 4500
001 sd 51000021
003 DLC
005 20260227112736.0
008 940527s1950 nyu b 000 0 eng c
010 _asd 51000021
035 _a(OCoLC)30501715
040 _aU.S. Dept. of State. Library
_cIEN
_dDLC
042 _apremarc
050 0 0 _aD410
_b.F65 vol. 26, no. 15
082 _a355
100 1 _aBolles, Blair,
_d1911-1990.
245 1 0 _aUnited States military policy.
260 _aNew York,
_bForeign Policy Association,
_c1950.
300 _a[166]-175, [1] p.
_c27 cm.
440 0 _aForeign policy reports,
_vv. 26, no. 15
500 _a"Stockpiling strategic materials": p. [176]
504 _aBibliographical footnotes.
610 1 0 _aUnited States.
_bArmy.
651 0 _aUnited States
_xDefenses.
999 _c90037
_d90037